000 00891cam a22002891 4500
001 7475637
003 EG-ScBUE
005 20251202102556.0
008 720623s1973 nyu f 000 1 eng d
035 _a7475637
035 _a(OCoLC)339792
040 _aDLC
_beng
_erda
_cODaWU
_dOCoLC
_dDLC
_dEG-ScBUE
041 1 _aeng
_hjpn
082 0 4 _222
_a895.634
_bDAZ
100 1 _aDazai, Osamu,
_d1909-1948,
_eauthor.
245 1 0 _aNo longer human /
_cby Osamu Dazai ; translated by Donald Keene.
264 1 _aNew York :
_bNew Directions Publishing Corporation,
_c1973.
300 _a145 pages ;
_c21 cm
336 _atext
_btxt
_2rdacontent
337 _aunmediated
_bn
_2rdamedia
338 _avolume
_bnc
_2rdacarrier
546 _aTranslation of Ningen shikkaku.
651 7 _aJapan
_vFiction.
_2BUEsh
655 _vReading book
700 1 _aKeene, Donald,
_etranslator.
942 _2ddc
_cBB
999 _c31047
_d31018